[Event "CPA Zevio 2013 "]
[Site "zEVIO"]
[Date "2013.01.13"]
[Round "2.17"]
[White "Antolini, Aldo"]
[Black "Tencheni, Maurizio"]
[Result "1-0"]
[WhiteElo "1760"]
[BlackElo "1677"]
[PlyCount "111"]
[EventDate "2013.01.13"]
[EventRounds "2"]
[EventCountry "ITA"]

1. e4 b6 2. Nf3 Bb7 3. Bc4 e6 4. Nc3 Bb4 5. d3 d5 6. exd5 exd5 7. Bb3 Nf6 8.
Qe2+ Qe7 9. Qxe7+ Kxe7 10. O-O Re8 11. Nb5 Na6 12. Bf4 c6 13. Nbd4 Kf8 14. Nf5
Rad8 15. c3 Nh5 16. Be3 Bd6 17. Nxd6 Rxd6 18. Rfe1 Nc7 19. a4 Ne6 20. a5 c5 21.
axb6 axb6 22. Ra7 Bc6 23. Ne5 Re7 24. Nxc6 Rxc6 25. Ra8+ Re8 26. Rxe8+ Kxe8 27.
Ba4 Kd7 28. Ra1 Nc7 29. Bxc6+ Kxc6 30. g3 Nf6 31. Ra7 Nfe8 32. Kf1 Nd6 33. Ke2
Ndb5 34. Ra1 Ne6 35. Rc1 Nbc7 36. f4 f5 37. Kf3 Kd6 38. g4 g6 39. gxf5 gxf5 40.
Rg1 d4 41. Bd2 Nd5 42. Rg3 Nf6 43. Rh3 Ke7 44. Rg3 Kf7 45. Rg1 Ke7 46. Re1 Kd6
47. h3 Nd7 48. c4 Nc7 49. Kg3 Ne6 50. Kh4 Nf6 51. Re5 Ng7 52. Kg5 Nd7 53. Rd5+
Ke6 54. Kh6 Ne8 55. Kg5 Ng7 56. h4 1-0

[Event "CPA Zevio 2013 "]
[Site "zEVIO"]
[Date "2013.01.13"]
[Round "2.19"]
[White "Adami, Alessandro"]
[Black "Curto, Carlo Alberto"]
[Result "1-0"]
[WhiteElo "1738"]
[BlackElo "1685"]
[PlyCount "133"]
[EventDate "2013.01.13"]
[EventRounds "2"]
[EventCountry "ITA"]

1. e4 e5 2. d4 exd4 3. Qxd4 Nc6 4. Qe3 d6 5. Nc3 Nf6 6. Bd2 Be6 7. O-O-O g6 8.
f4 Qe7 9. Bb5 Bg7 10. Nf3 O-O 11. h3 Bd7 12. g4 a6 13. Bd3 b5 14. f5 Ne5 15. g5
Nxf3 16. Qxf3 b4 17. gxf6 Qxf6 18. Rdg1 bxc3 19. Bxc3 Qd8 20. f6 Bh8 21. h4 Be6
22. h5 c5 23. Qf4 Ra7 24. Rg2 d5 25. Be5 d4 26. Bd6 Qxf6 27. Qxf6 Bxf6 28. Bxf8
Kxf8 29. Rf1 Ke7 30. Rh1 c4 31. Be2 Be5 32. Bg4 Bf4+ 33. Kd1 g5 34. Bxe6 Kxe6
35. Rh3 h6 36. Ra3 Ke5 37. Ra4 Kxe4 38. Rxc4 Be3 39. Rc6 Kf3 40. Re2 g4 41.
Rf6+ Kg3 42. Ke1 Kh3 43. Kf1 Kh4 44. Rh2+ Kg5 45. Rd6 f5 46. Rg6+ Kf4 47. Rxh6
Kf3 48. Rg6 g3 49. Rg2 f4 50. h6 Rh7 51. Rxa6 Kg4 52. Rg6+ Kh3 53. Rf6 Kg4 54.
Ke2 Kg5 55. Rc6 Rxh6 56. Rxh6 Kxh6 57. Kf3 Kg5 58. a4 Kf5 59. a5 Ke5 60. a6 d3
61. cxd3 Bd4 62. b3 Bc5 63. Ra2 Ba7 64. b4 Kd5 65. Kxf4 g2 66. Rxg2 Kd4 67. Rg7
1-0

[Event "CPA Zevio 2013"]
[Site "?"]
[Date "2013.01.13"]
[Round "2.21"]
[White "Scagliarini, Gennario"]
[Black "Macalello, Angelo"]
[Result "1/2-1/2"]
[WhiteElo "1722"]
[BlackElo "1707"]
[PlyCount "91"]

1. d4 d5 2. Nf3 Nf6 3. h3 c6 4. Bf4 e6 5. e3 Bd6 6. Bg5 Qa5+ 7. c3 Ne4 8. Bd3
Nd7 9. Bh4 O-O 10. O-O h6 11. Nbd2 f5 12. Nb3 Qc7 13. Ne5 Nxe5 14. dxe5 Bxe5
15. f4 Bd6 16. Bxe4 dxe4 17. Qd2 Be7 18. Bxe7 Qxe7 19. Qf2 e5 20. Rfe1 exf4 21.
exf4 Be6 22. Nd4 Bd5 23. Nc2 c5 24. Ne3 Bc6 25. Nc4 Rf6 26. Ne5 Be8 27. Rad1 b6
28. Rd5 Rd8 29. Red1 Rxd5 30. Rxd5 Re6 31. g3 Kh7 32. Qe3 g5 33. Kh2 Kg7 34. g4
fxg4 35. Nxg4 gxf4 36. Qxf4 e3 37. Re5 e2 38. Qe3 Rxe5 39. Nxe5 Bh5 40. Qg3+
Kh8 41. Nd3 Kh7 42. Ne1 Qf7 43. Qd3+ Bg6 44. Qxe2 Qf4+ 45. Kg1 Be4 46. Ng2
1/2-1/2

[Event "CPA Zevio 2013"]
[Site "?"]
[Date "2013.01.13"]
[Round "2.22"]
[White "Coridoli, Luca"]
[Black "Zanaglia, Renato"]
[Result "1-0"]
[WhiteElo "1697"]
[BlackElo "1721"]
[PlyCount "73"]
[EventDate "2013.??.??"]

1. e4 c5 2. Nc3 Nc6 3. g3 d6 4. Bg2 Nf6 5. Nge2 e6 6. d3 Be7 7. O-O O-O 8. h3
a6 9. a4 Rb8 10. f4 b5 11. axb5 axb5 12. e5 Nd5 13. Nxd5 exd5 14. Bxd5 Nb4 15.
exd6 Nxd5 16. dxe7 Qxe7 17. Kh2 Rb6 18. Rf2 Rh6 19. Ng1 Nf6 20. f5 Rh5 21. g4
Rh4 22. Kg3 h6 23. Nf3 g5 24. Nxh4 gxh4+ 25. Kh2 Nd5 26. Bf4 Nxf4 27. Rxf4 Qe5
28. Qd2 Bb7 29. Re1 Qxb2 30. f6 Bc8 31. Rf2 Kh7 32. Qe3 Qc3 33. Rg1 Rg8 34. g5
Rg6 35. gxh6 Rxf6 36. Rg7+ Kh8 37. Qe8# 1-0

[Event "CPA Zevio 2013   "]
[Site "Zevio (VR)"]
[Date "2013.01.13"]
[Round "3.1"]
[White "Faccia, Sergio"]
[Black "Coratella, Giuseppe"]
[Result "1/2-1/2"]
[WhiteElo "2013"]
[BlackElo "2233"]
[PlyCount "35"]
[EventDate "2013.??.??"]

1. e4 e6 2. c4 d5 3. cxd5 exd5 4. d4 dxe4 5. Bc4 Bb4+ 6. Nc3 Qe7 7. Nge2 Nf6 8.
O-O O-O 9. Bg5 c6 10. Ng3 h6 11. Bxf6 Qxf6 12. Ncxe4 Qh4 13. Qb3 Be7 14. Rfe1
b5 15. Bxb5 cxb5 16. Qd5 Nc6 17. Qxc6 Rb8 18. Nc5 1/2-1/2

[Event "CPA Zevio 2013   "]
[Site "Zevio (VR)"]
[Date "2013.01.13"]
[Round "3.2"]
[White "Oppici, Gabriele"]
[Black "Carli, Carlo"]
[Result "0-1"]
[WhiteElo "1977"]
[BlackElo "2079"]
[PlyCount "132"]
[EventDate "2013.??.??"]

1. d4 Nf6 2. Nf3 g6 3. Bf4 Bg7 4. e3 d6 5. h3 O-O 6. Be2 Nfd7 7. Bh2 e5 8. O-O
Nc6 9. c4 exd4 10. exd4 Qf6 11. d5 Nce5 12. Nc3 Nxf3+ 13. Bxf3 Nc5 14. a3 Bf5
15. Be2 Ne4 16. Nxe4 Bxe4 17. Ra2 b6 18. b3 Bf5 19. Qd2 Rfe8 20. Bf4 a5 21. Rd1
h5 22. Be3 Re7 23. Bf3 Qc3 24. Qxc3 Bxc3 25. g4 hxg4 26. hxg4 Bd7 27. Rc2 Be5
28. Kg2 f5 29. g5 Rh7 30. Rh1 Rxh1 31. Kxh1 f4 32. Bc1 Bf5 33. Re2 a4 34. b4
Bd3 35. Rd2 Bxc4 36. Kg2 Rf8 37. Be4 Kg7 38. Kf3 Rh8 39. Rd1 Rh3+ 40. Kg4 Rc3
41. Rh1 Ba6 42. f3 Bc8+ 43. Kh4 Bf5 44. Bb2 Rc4 45. Bxe5+ dxe5 46. Re1 Bxe4 47.
fxe4 Kf7 48. Kg4 Rc3 49. Rd1 Ke7 50. Rh1 Rg3+ 51. Kh4 Rxa3 52. Rc1 Kd7 53. Rc6
Re3 54. Rxg6 Rxe4 55. Rg7+ Kd6 56. g6 Rxb4 57. Rg8 f3+ 58. Kg3 f2 59. Kxf2 Rg4
60. Kf3 Rg5 61. Ke4 a3 62. Rd8+ Ke7 63. Ra8 Rxg6 64. Rxa3 Kd6 65. Rd3 Rg4+ 66.
Ke3 Rg3+ 0-1

[Event "CPA Zevio 2013   "]
[Site "Zevio (VR)"]
[Date "2013.01.13"]
[Round "3.3"]
[White "Khachab, Ibrahim"]
[Black "Bertani, Gianfranco"]
[Result "0-1"]
[WhiteElo "1922"]
[BlackElo "2051"]
[PlyCount "62"]

1. e4 c5 2. Nf3 Nc6 3. Bb5 e6 4. Bxc6 bxc6 5. O-O d5 6. e5 Ne7 7. c3 Ng6 8. d3
Be7 9. Be3 O-O 10. Nbd2 Qc7 11. d4 c4 12. b4 f6 13. exf6 gxf6 14. Re1 Nf4 15.
Nf1 Nd3 16. Re2 e5 17. Ne1 e4 18. Bh6 Rf7 19. Nxd3 cxd3 20. Re3 f5 21. Rg3+ Kh8
22. Qh5 Bd6 23. Bg7+ Kg8 24. Rg5 Rxg7 25. Qe8+ Bf8 26. Rxg7+ Qxg7 27. Qxc6 Qb7
28. Qf6 Qe7 29. Qc6 Bb7 30. Qa4 f4 31. Qd1 Qg5 0-1

[Event "CPA Zevio 2013   "]
[Site "Zevio (VR)"]
[Date "2013.01.13"]
[Round "3.4"]
[White "Fratton, Zeno"]
[Black "Luciani, Valerio"]
[Result "0-1"]
[WhiteElo "1819"]
[BlackElo "2227"]
[PlyCount "110"]

1. e4 d6 2. d4 Nf6 3. Nc3 c6 4. Nf3 Bg4 5. Be2 e6 6. O-O d5 7. exd5 Bxf3 8.
Bxf3 cxd5 9. Re1 Be7 10. Bf4 Nc6 11. Qd3 O-O 12. Rad1 Rc8 13. Be2 Na5 14. Qg3
Nc4 15. Bxc4 Rxc4 16. Qd3 Qb6 17. b3 Rxc3 18. Qxc3 Bb4 19. Qd3 Bxe1 20. Rxe1
Rc8 21. c4 Qa6 22. Rc1 Qxa2 23. c5 Qa5 24. b4 Qa4 25. b5 h6 26. f3 Nd7 27. Be3
Nb8 28. Qf1 a6 29. bxa6 bxa6 30. Ra1 Qb5 31. Qxb5 axb5 32. Rb1 Nc6 33. Rxb5 g5
34. h4 Kg7 35. hxg5 hxg5 36. Kf2 f6 37. Rb6 Kg6 38. g4 f5 39. gxf5+ Kxf5 40.
Kg3 $11 Na5 41. Kg2 Nc4 42. Rb3 g4 43. fxg4+ Kxg4 44. Bh6 Ra8 45. Rg3+ Kf5 46.
Rf3+ Ke4 47. Rf4+ Kd3 48. Bg7 Rg8 49. Rf3+ Ke4 50. Rg3 Ne3+ 51. Kh3 Nf5 52.
Rg4+ Kf3 53. c6 Nxg7 54. c7 Rh8+ 55. Rh4 Rc8 0-1

[Event "CPA Zevio 2013   "]
[Site "Zevio (VR)"]
[Date "2013.01.13"]
[Round "3.5"]
[White "Avanzini, Angelo"]
[Black "Marin, Alessandro"]
[Result "0-1"]
[WhiteElo "1488"]
[BlackElo "1988"]
[PlyCount "86"]
[EventDate "2013.??.??"]

1. d4 d5 2. Nf3 Nf6 3. e3 Bf5 4. c4 e6 5. Nc3 c6 6. Be2 Nbd7 7. O-O Bd6 8. cxd5
exd5 9. Bd3 Bg6 10. Re1 Ne4 11. Nd2 Nxc3 12. bxc3 Bxd3 13. e4 dxe4 14. Nxe4
Bxe4 15. Rxe4+ Kf8 16. Qb3 b6 17. Qc2 Nf6 18. Bg5 h6 19. Bxf6 Qxf6 20. Rae1 g6
21. Qe2 Kg7 22. Qg4 Qf5 23. Qxf5 gxf5 24. R4e2 Rad8 25. c4 f6 26. d5 cxd5 27.
cxd5 Kf7 28. Re6 Rhe8 29. R1e2 Be5 30. g3 Rxe6 31. dxe6+ Ke7 32. f4 Bd4+ 33.
Kg2 Rd6 34. h3 Rxe6 35. Rc2 Bc5 36. g4 fxg4 37. hxg4 Re3 38. a4 Re4 39. a5 Rxf4
40. Kg3 Ra4 41. axb6 axb6 42. Re2+ Kf7 43. Re1 Kg6 0-1

[Event "CPA 2013"]
[Site "Zevio (VR)"]
[Date "2013.01.13"]
[Round "3.6"]
[White "Zanchetta, Nicola"]
[Black "Adami, Antonio"]
[Result "1-0"]
[WhiteElo "1893"]
[BlackElo "1720"]
[PlyCount "107"]
[EventDate "2012.01.13"]
[EventRounds "3"]
[EventCountry "ITA"]

1. e4 c5 2. Nf3 d6 3. d4 cxd4 4. Nxd4 Nf6 5. Nc3 a6 6. Be3 e5 7. Nb3 Be6 8. Be2
Be7 9. Qd2 Nc6 10. f3 h5 11. Nd5 Nd7 12. Nxe7 Kxe7 13. Rd1 Qc7 14. f4 f6 15.
O-O Rad8 16. f5 Bf7 17. Qc3 b5 18. a3 h4 19. Rd2 Ndb8 20. Rfd1 Rd7 21. h3 g6
22. fxg6 Bxg6 23. Bg4 Rdd8 24. Bf3 Bf7 25. Bf2 Be6 26. Qe3 Rd7 27. Qe1 a5 28.
Nc1 a4 29. Ne2 Na5 30. Rd3 Nc4 31. Rc3 Qa5 32. Rb1 Nc6 33. Bxh4 Rg8 34. Kh2 b4
35. axb4 Nxb4 36. Qf2 Qb6 37. Qxb6 Nxb6 38. Be1 d5 39. exd5 N4xd5 40. Rc6 Rb8
41. c4 Ne3 42. Bb4+ Kf7 43. Bh5+ Kg7 44. Rxe6 Nbxc4 45. Bc5 a3 46. b4 a2 47.
Ra1 Rd1 48. Rxd1 Nxd1 49. Ra6 a1=Q 50. Rxa1 Rd8 51. Ng3 Nde3 52. Re1 Rd3 53.
Bxe3 Nxe3 54. Rxe3 1-0

[Event "CPA Zevio 2013"]
[Site "Zevio (VR)"]
[Date "2013.01.13"]
[Round "3.7"]
[White "Negro, Raffaele"]
[Black "Bartiromo, Gerardo"]
[Result "1/2-1/2"]
[WhiteElo "1826"]
[BlackElo "1621"]
[PlyCount "83"]

1. d4 Nf6 2. Nf3 g6 3. Nc3 Bg7 4. e4 d6 5. Be3 O-O 6. Qd2 Ng4 7. Bg5 f6 8. Bf4
e5 9. Bg3 Be6 10. h3 Nh6 11. O-O-O Nf7 12. Kb1 a5 13. d5 Bd7 14. h4 Na6 15. h5
g5 16. Be2 Nc5 17. Nh2 a4 18. a3 f5 19. exf5 Bxf5 20. Ka2 h6 21. Bg4 Bh7 22.
Rhe1 Rb8 23. Bf3 b5 24. Ne4 Bxe4 25. Bxe4 Rb6 26. c3 Qd7 27. f3 Nd8 28. Bf2
Ndb7 29. Be3 Qe7 30. Bb1 e4 31. fxe4 Nb3 32. Qc2 N7c5 33. Ng4 Rbb8 34. e5 Bxe5
35. Nxe5 dxe5 36. d6 cxd6 37. Rxd6 Rf6 38. Rxf6 Qxf6 39. Qh7+ Kf8 40. Bxc5+
Nxc5 41. Qc7 Qe6+ 42. Ka1 1/2-1/2

[Event "CPA Zevio 2013"]
[Site "Zevio (VR)"]
[Date "2013.01.13"]
[Round "3.8"]
[White "Sprea, Giuseppe"]
[Black "Zonta, Riccardo"]
[Result "1-0"]
[WhiteElo "1947"]
[BlackElo "1638"]
[PlyCount "31"]
[EventDate "2013.??.??"]

1. d4 d5 2. c4 Bf5 3. cxd5 Qxd5 4. Nc3 Qd6 5. e4 Bg6 6. Bd3 e6 7. Nge2 Nc6 8.
O-O O-O-O 9. Be3 Qd7 10. Rc1 f6 11. Bb5 Nge7 12. Qa4 Kb8 13. d5 exd5 14. exd5
a6 15. dxc6 axb5 16. Qa7+ 1-0

[Event "CPA Zevio 2013"]
[Site "Zevio (VR)"]
[Date "2013.01.13"]
[Round "3.9"]
[White "Adami, Alessandro"]
[Black "Brunelli, Giovanni"]
[Result "0-1"]
[WhiteElo "1738"]
[BlackElo "1971"]
[PlyCount "110"]

1. e4 e6 2. d4 d5 3. exd5 exd5 4. Bd3 Nc6 5. c3 Bd6 6. Qf3 Be6 7. Ne2 Qd7 8. h3
O-O-O 9. Bf4 Nf6 10. Bxd6 Qxd6 11. Qg3 Qxg3 12. Nxg3 Rhe8 13. O-O Ne7 14. Nd2
h5 15. Nf3 Kb8 16. Rfe1 Nc8 17. Ng5 h4 18. Nf5 Bxf5 19. Bxf5 Nd6 20. Bd3 Nfe4
21. Nf3 g5 22. Re2 f6 23. Nd2 Nxd2 24. Rxd2 Re6 25. Kf1 Rde8 26. Rad1 Kc8 27.
Re2 Kd7 28. Rxe6 Rxe6 29. Re1 Ne4 30. Bxe4 dxe4 31. Ke2 Kd6 32. Ke3 f5 33. Kd2
Kd5 34. f3 exf3 35. Rxe6 Kxe6 36. gxf3 g4 37. fxg4 fxg4 38. Ke3 gxh3 39. Kf2
Kd5 40. Kg1 c5 41. dxc5 Kxc5 42. b3 Kd5 43. Kh2 Ke4 44. c4 Kd4 45. Kxh3 Kc3 46.
Kxh4 Kb2 47. c5 Kc3 48. Kg4 Kd4 49. b4 Kc4 50. a3 a6 51. Kf4 Kb3 52. Ke5 Kxa3
53. b5 axb5 54. Kd6 Kb4 55. Kd5 Kc3 0-1

[Event "CPA Zevio 2013"]
[Site "Zevio (VR)"]
[Date "2013.01.13"]
[Round "3.10"]
[White "Brunelli, Flavio"]
[Black "Rizzati, Aldo"]
[Result "0-1"]
[WhiteElo "1757"]
[BlackElo "1944"]
[PlyCount "60"]
[EventDate "2013.??.??"]

1. e4 e5 2. f4 Nc6 3. Nf3 d6 4. Bc4 Be7 5. O-O Nf6 6. fxe5 dxe5 7. Nc3 Bg4 8.
Bb5 Qd6 9. h3 Bh5 10. d3 O-O-O 11. Bxc6 Qxc6 12. Be3 Bc5 13. Qe1 Rhe8 14. Qf2
Bb6 15. Bxb6 axb6 16. a4 Kb8 17. Rfc1 Nd7 18. g4 Bg6 19. Ra3 h5 20. Rca1 hxg4
21. hxg4 Qe6 22. Qg3 Nf6 23. Nh2 c6 24. a5 bxa5 25. Rxa5 Qd6 26. R1a4 Nd7 27.
Qe3 Kc7 28. Rd5 Qe7 29. Rda5 Nb6 30. Rb4 Qxb4 0-1

[Event "CPA Zevio 2013"]
[Site "Zevio (VR)"]
[Date "2013.01.13"]
[Round "3.11"]
[White "Molinaroli, Giacomo"]
[Black "Bortolazzi, Michele"]
[Result "1-0"]
[WhiteElo "1874"]
[BlackElo "1896"]
[PlyCount "83"]
[EventDate "2013.??.??"]

1. e4 e5 2. Nf3 Nc6 3. Bc4 Nf6 4. d4 exd4 5. O-O Be7 6. Nxd4 O-O 7. Nc3 d6 8.
h3 a6 9. a4 Nxd4 10. Qxd4 b6 11. Bg5 Bb7 12. Rae1 Nd7 13. Bc1 Bf6 14. Qe3 Ne5
15. Bb3 Nc6 16. Kh1 Nd4 17. Nd1 Re8 18. Qd3 Nxb3 19. cxb3 a5 20. Nc3 Ba6 21.
Qg3 Bxf1 22. Rxf1 Bxc3 23. bxc3 Rxe4 24. f4 f5 25. Qd3 d5 26. Be3 c5 27. Rf3
Qd6 28. Rg3 Rae8 29. b4 axb4 30. cxb4 c4 31. Qc3 R8e7 32. Bd4 Re1+ 33. Kh2 g6
34. Bf6 R7e6 35. Bh8 Qe7 36. Bd4 R6e4 37. Bf6 Qc7 38. Bh8 R1e2 39. a5 bxa5 40.
bxa5 Ra2 41. Rf3 Qxa5 42. Qg7# 1-0

[Event "CPA Zevio 2013"]
[Site "Zevio (VR)"]
[Date "2013.01.13"]
[Round "3.12"]
[White "Antolini, Aldo"]
[Black "Bonini, Roberto"]
[Result "0-1"]
[WhiteElo "1760"]
[BlackElo "1888"]
[PlyCount "92"]

1. e4 c5 2. Nf3 d6 3. d4 cxd4 4. Nxd4 a6 5. Nc3 Nf6 6. Bd3 e6 7. Be3 Be7 8. O-O
O-O 9. f4 Qc7 10. f5 Nc6 11. fxe6 fxe6 12. Nxc6 Qxc6 13. Qe2 Bd7 14. Rad1 Rac8
15. Qd2 b5 16. Ne2 Ng4 17. Nd4 Rxf1+ 18. Rxf1 Qc5 19. Nf5 Nxe3 20. Nxe7+ Kh8
21. Nxc8 Nxf1+ 22. Kxf1 Qxc8 23. Qf4 e5 24. Qf2 Kg8 25. Qb6 Qc6 26. Qd8+ Kf7
27. Qh4 Kg8 28. Qd8+ Be8 29. a3 Kf7 30. Qh4 Kg8 31. Qd8 Kf8 32. Qh4 Bg6 33.
Qd8+ Kf7 34. Qh4 Ke6 35. Qg3 Kd7 36. Qf2 Kc7 37. Qf8 Qd7 38. Qa8 Qc8 39. Qa7+
Qb7 40. Qf2 Bxe4 41. Bxe4 Qxe4 42. Qf7+ Kc6 43. Qe8+ Kc5 44. Qc8+ Kd4 45. c3+
Kd3 46. Qh3+ Kd2 0-1

[Event "CPA Zevio 2013"]
[Site "Zevio (VR)"]
[Date "2013.01.13"]
[Round "3.13"]
[White "Jimchi, Abdelaziz"]
[Black "La Piana, Antonio"]
[Result "1/2-1/2"]
[WhiteElo "1811"]
[BlackElo "1830"]
[PlyCount "48"]

1. d4 d5 2. Nf3 Nf6 3. h3 c6 4. Bf4 Bf5 5. e3 h6 6. Be2 e6 7. O-O Bd6 8. Ne5
Bc7 9. Nd2 Nbd7 10. Nxd7 Qxd7 11. Bxc7 Qxc7 12. c4 O-O 13. c5 e5 14. Nf3 e4 15.
Ne5 Nd7 16. Ng4 h5 17. Nh2 g6 18. g4 hxg4 19. Bxg4 Bxg4 20. Qxg4 Nf6 21. Qg5
Kg7 22. Qg3 Qd7 23. Kg2 Rh8 24. Rh1 Rh5 1/2-1/2

[Event "CPA Zevio 2013"]
[Site "Zevio (VR)"]
[Date "2013.01.13"]
[Round "3.14"]
[White "Cordioli, Luca"]
[Black "Pisani, Vaerio"]
[Result "1-0"]
[WhiteElo "1697"]
[BlackElo "1731"]
[PlyCount "73"]

1. e4 e6 2. d4 d5 3. exd5 exd5 4. Bd3 Nc6 5. c3 Bd6 6. Ne2 Bg4 7. Qc2 Qh4 8.
Bf4 O-O-O 9. Bxd6 Rxd6 10. Bf5+ Kb8 11. Bxg4 Qxg4 12. O-O Rg6 13. Ng3 h5 14.
Qf5 h4 15. Qxg4 Rxg4 16. Nf5 g6 17. Ne3 Rg5 18. f4 Rgh5 19. Nd2 Nge7 20. Nf3 f6
21. b4 Nd8 22. a4 Ne6 23. Nd2 f5 24. Rae1 Re8 25. Nb3 Rhh8 26. Nc1 c6 27. Nd3
Nc8 28. Ne5 Rhg8 29. Nd7+ Kc7 30. Nf6 Rgf8 31. Nxe8+ Rxe8 32. Nd1 Nd6 33. Rf3
Ne4 34. Nf2 Kd6 35. Nxe4+ dxe4 36. Rh3 Nxf4 37. Rxh4 1-0

[Event "CPA Zevio 2013"]
[Site "Zevio (VR)"]
[Date "2013.01.13"]
[Round "3.15"]
[White "Recchia, Mattia"]
[Black "Morandini, Alessandro"]
[Result "1-0"]
[WhiteElo "1506"]
[BlackElo "1308"]
[PlyCount "88"]

1. e4 d6 2. d4 Nf6 3. Nc3 g6 4. Be3 Bg7 5. Qd2 O-O 6. Bh6 e5 7. Bxg7 Kxg7 8.
dxe5 dxe5 9. Qxd8 Rxd8 10. Nf3 Nc6 11. Bc4 Nd4 12. Nxd4 Rxd4 13. Bd3 c6 14. a4
Be6 15. b3 Rad8 16. Rb1 a6 17. O-O c5 18. Ne2 R4d7 19. f4 Bg4 20. fxe5 Nxe4 21.
Bxe4 Bxe2 22. Rfe1 Rd1 23. Kf2 Rxb1 24. Rxb1 Rd1 25. Rxd1 Bxd1 26. Ke3 g5 27.
Bxb7 Bxc2 28. Bxa6 Bxb3 29. a5 f6 30. Bb5 Bd5 31. a6 fxe5 32. Bd7 Bc4 33. Bc8
Bb5 34. Bb7 Bxa6 35. Bxa6 h5 36. Ke4 Kf6 37. h3 Ke6 38. Bc4+ Kf6 39. g3 h4 40.
g4 Kg7 41. Kxe5 Kg6 42. Ke6 Kg7 43. Kf5 Kh6 44. Kf6 Kh7 1-0

[Event "CPA Zevio 2013"]
[Site "Zevio (VR)"]
[Date "2013.01.13"]
[Round "3.16"]
[White "Garofalo, Sergio"]
[Black "De Paoli, Emilio"]
[Result "1-0"]
[WhiteElo "1822"]
[BlackElo "1863"]
[PlyCount "91"]

1. d4 Nf6 2. Nf3 g6 3. g3 Bg7 4. Bg2 c6 5. c4 d5 6. cxd5 cxd5 7. O-O O-O 8. Nc3
Nc6 9. h3 a6 10. Be3 b5 11. Rc1 b4 12. Na4 Bd7 13. Nc5 e6 14. Ne5 Ne7 15. Nexd7
Nxd7 16. Bg5 h6 17. Nb7 Qb6 18. Bxe7 Rfe8 19. Bd6 Qxb7 20. Rc7 Qb6 21. Qa4 Qxd6
22. Rxd7 Qb6 23. e4 Bxd4 24. exd5 Rac8 25. dxe6 Rxe6 26. Bd5 Rf6 27. Rxf7 Bxf2+
28. Kg2 Rxf7 29. Bxf7+ Kg7 30. Rxf2 Qb7+ 31. Rf3 Qe4 32. Bb3 Qe2+ 33. Rf2 Qe4+
34. Kh2 Qd4 35. Rg2 Rf8 36. Qxa6 h5 37. Qc4 Qd6 38. Qd5 Qb6 39. Qd7+ Kh6 40.
Qd2+ g5 41. h4 Rf5 42. Re2 Qc7 43. hxg5+ Kg7 44. Qd4+ Kg6 45. Re6+ Kxg5 46.
Qh4# 1-0

[Event "CPA Zevio 2013"]
[Site "Zevio (VR)"]
[Date "2013.01.13"]
[Round "3.17"]
[White "Marino, Francesco V"]
[Black "Scagliarini, Gennaro"]
[Result "0-1"]
[WhiteElo "1834"]
[BlackElo "1722"]
[PlyCount "72"]
[EventDate "2013.??.??"]

1. c4 Nf6 2. g3 e6 3. Bg2 d5 4. Nf3 dxc4 5. Qa4+ c6 6. Qxc4 Be7 7. O-O Nbd7 8.
b3 O-O 9. Bb2 Re8 10. Qc2 Nf8 11. d3 Ng6 12. Nbd2 Qc7 13. Nc4 Nd7 14. Rac1 Bf6
15. d4 Nb6 16. e4 Nxc4 17. bxc4 e5 18. d5 c5 19. Qd2 Rd8 20. h4 Bg4 21. Nh2 Bc8
22. h5 Nf8 23. f4 h6 24. Nf3 exf4 25. Bxf6 gxf6 26. gxf4 Kh8 27. f5 Nh7 28.
Qxh6 Rg8 29. Nh4 Qg3 30. Ng6+ fxg6 31. fxg6 Rg7 32. Rxf6 Bh3 33. Rc2 Qe1+ 34.
Kh2 Bxg2 35. Rxg2 Qh4+ 36. Kg1 Qxf6 0-1

[Event "CPA Zevio 2013"]
[Site "Zevio (VR)"]
[Date "2013.01.13"]
[Round "3.18"]
[White "Macalello, Angelo"]
[Black "De Togni, Paolo"]
[Result "1-0"]
[WhiteElo "1707"]
[BlackElo "1483"]
[PlyCount "69"]

1. e4 e6 2. d4 d5 3. Nc3 Nf6 4. e5 Nfd7 5. f4 c5 6. Nf3 Nc6 7. Be3 Qb6 8. Na4
Qa5+ 9. c3 cxd4 10. b4 Qd8 11. Nxd4 Nxd4 12. Bxd4 b6 13. Qf3 g6 14. Bd3 Bg7 15.
O-O O-O 16. Rae1 f5 17. exf6 Nxf6 18. Be5 Qd7 19. Nb2 Bb7 20. Qh3 Ne8 21. Rd1
Bxe5 22. fxe5 Ng7 23. Rf6 Rxf6 24. exf6 Nf5 25. Be4 Qf7 26. g4 dxe4 27. gxf5
exf5 28. Qh6 Rf8 29. Rd6 Re8 30. Nc4 Qc7 31. Ne5 Rf8 32. f7+ Rxf7 33. Nxf7 Qe7
34. Ng5 Qxg5+ 35. Qxg5 1-0

[Event "CPA Zevio 2013"]
[Site "Zevio (VR)"]
[Date "2013.01.13"]
[Round "3.19"]
[White "Jirillo, Antonio"]
[Black "Kurylovich, Alena"]
[Result "0-1"]
[WhiteElo "1663"]
[BlackElo "1653"]
[PlyCount "76"]
[EventDate "2013.??.??"]

1. d4 Nf6 2. Bf4 d5 3. Nf3 e6 4. e3 a6 5. Nbd2 c5 6. c3 Nc6 7. Be2 cxd4 8. exd4
Be7 9. Qc2 h6 10. Ne5 Bd6 11. Ndf3 Ne4 12. Bd3 Bxe5 13. dxe5 Nc5 14. O-O b5 15.
Be3 Nd7 16. Bd4 Bb7 17. Rfe1 Rc8 18. Qe2 Nxd4 19. Nxd4 Qb6 20. Qg4 O-O 21. Re3
Kh8 22. f4 f5 23. Qg6 Rce8 24. Rg3 Re7 25. Kh1 b4 26. Rb1 a5 27. Qh5 a4 28. Rg6
Nc5 29. Nxf5 Nxd3 30. Nd4 bxc3 31. g4 Qxd4 32. Rxh6+ gxh6 33. Qxh6+ Kg8 34.
Qg6+ Rg7 35. Qxe6+ Rff7 36. Rf1 Qe4+ 37. Kg1 Qe3+ 38. Kg2 d4+ 0-1

[Event "CPA Zevio 2013"]
[Site "Zevio (VR)"]
[Date "2013.01.13"]
[Round "3.20"]
[White "Marcori, Mirko"]
[Black "Tencheni, Maurizio"]
[Result "1-0"]
[WhiteElo "1781"]
[BlackElo "1677"]
[PlyCount "70"]
[EventDate "2013.??.??"]

1. Nf3 b6 2. g3 Bb7 3. Bg2 Nf6 4. d4 e6 5. c4 Bb4+ 6. Bd2 Bxd2+ 7. Nbxd2 d5 8.
Ne5 O-O 9. O-O c5 10. e3 Nbd7 11. f4 Ne4 12. Nxe4 dxe4 13. Qc2 f5 14. Rad1 Qc7
15. Nxd7 Qxd7 16. dxc5 Qc7 17. cxb6 axb6 18. b4 Ra3 19. Rd4 Rxe3 20. Rfd1 Bc6
21. Qb2 e5 22. fxe5 Qxe5 23. Qd2 f4 24. Rd8 Rd3 25. Rxd3 exd3 26. Bxc6 Qd4+ 27.
Kg2 fxg3 28. Bd5+ Kh8 29. hxg3 b5 30. Qxd3 Qf2+ 31. Kh3 Rf6 32. Bf3 Rh6+ 33.
Bh5 Rxh5+ 34. Kg4 Rf5 35. Qxf5 h5+ 1-0

[Event "CPA Zevio 2013"]
[Site "Zevio (VR)"]
[Date "2013.01.13"]
[Round "3.21"]
[White "Curto, Carlo"]
[Black "Zanaglia, Renato"]
[Result "0-1"]
[WhiteElo "1685"]
[BlackElo "1721"]
[PlyCount "69"]
[EventDate "2013.01.20"]
[SourceDate "2013.01.20"]

1. e4 c5 2. d4 cxd4 3. c3 dxc3 4. Nxc3 e6 5. Bc4 Nc6 6. Nf3 Bb4 7. Bd2 a6 8.
O-O b5 9. Bb3 Nge7 10. Qe2 O-O 11. Rfd1 Ng6 12. Rac1 Bb7 13. a3 Ba5 14. Na2
Bxd2 15. Qxd2 Na5 16. Bc2 d5 17. Qe2 Qb6 18. e5 Nc4 19. Bb3 Nf4 20. Qc2 Rac8
21. Bxc4 bxc4 22. Qd2 Nd3 23. Rc2 Bc6 24. Rb1 Ba4 25. b3 Bxb3 26. Nc1 Nc5 27.
Nd4 Qc7 28. Ndxb3 cxb3 29. Rcb2 Qxe5 30. Nxb3 Ne4 31. Qe2 Qd6 32. Ra1 Rc3 33.
f3 Qb6+ 34. Kf1 Nd6 35. Qd2 0-1

[Event "CPA Zevio 2013"]
[Site "Zevio (VR)"]
[Date "2013.01.13"]
[Round "3.22"]
[White "Baldaccini, Franco"]
[Black "Bruno, Elio"]
[Result "1-0"]
[WhiteElo "1664"]
[BlackElo "1613"]
[PlyCount "83"]

1. e4 c5 2. d4 e6 3. Nf3 Be7 4. Be2 Nf6 5. e5 Nd5 6. c4 Nb6 7. d5 d6 8. O-O O-O
9. Nc3 a6 10. b3 dxe5 11. Nxe5 Bd6 12. f4 Qf6 13. Ne4 Qe7 14. Nxd6 Qxd6 15. Bb2
exd5 16. cxd5 Qxd5 17. Qc2 N8d7 18. Rad1 Qe6 19. a4 Kh8 20. a5 Nxe5 21. Bxe5
Nd7 22. Bc4 Qe8 23. Bb2 f6 24. Rf3 b5 25. Rh3 h6 26. Bd5 Ra7 27. Qd2 c4 28.
bxc4 Nc5 29. Re3 Qg6 30. Ba3 Rc7 31. Qd4 Nd7 32. Bxf8 Nxf8 33. cxb5 Rd7 34. Qc5
Rd8 35. Rde1 Nd7 36. Qe7 Rf8 37. Bc6 Rf7 38. Qd8+ Rf8 39. Re8 Rxe8 40. Qxe8+
Kh7 41. Bxd7 Bb7 42. Qxg6+ 1-0

[Event "C.P.A. Zevio 2013"]
[Site "Zevio (VR)"]
[Date "2013.01.25"]
[Round "4"]
[White "Carli, Carlo"]
[Black "Bertani, Gianfranco"]
[Result "1-0"]
[WhiteElo "2079"]
[BlackElo "2051"]
[PlyCount "53"]
[EventDate "2013.01.25"]

1. d4 f5 2. c4 Nf6 3. Nc3 e6 4. g3 d5 5. Bg2 c6 6. cxd5 exd5 7. Nh3 Be7 8. O-O
O-O 9. Nf4 Ne4 10. f3 Nxc3 11. bxc3 Bf6 12. e4 g5 13. Nd3 fxe4 14. fxe4 dxe4
15. Nc5 Bg7 16. Rxf8+ Bxf8 17. Nxe4 h6 18. Qb3+ Kg7 19. Ba3 Bxa3 20. Qxa3 Be6
21. Nc5 Bd5 22. Bxd5 Qxd5 23. Re1 Kg6 24. Qb2 Qf7 25. Re6+ Kg7 26. Qe2 Kf8 27.
Qe5 1-0